Statistics for Random Cities to Capitals

Click here to take the quiz!

General Stats

  • This quiz has been taken 41 times
  • The average score is 6 of 15

Answer Stats

CityCapital% Correct
DubaiAbu Dhabi
100%
FrankfurtBerlin
100%
AntwerpBrussels
100%
AlexandriaCairo
100%
BrisbaneCanberra
100%
Dar es SalaamDodoma
100%
LahoreIslamabad
100%
PortoLisbon
100%
Quezon CityManila
100%
ChennaiNew Delhi
100%
TaichungTaipei
100%
Luang PrabangVientiane
100%
ChicagoWashington, D.C.
100%
SplitZagreb
100%
BasrahBaghdad
50%
GenevaBern
50%
JohannesburgBloemfontein / Cape Town / Pretoria
50%
Al Rayyan MunicipalityDoha
50%
Ciudad del EsteAsunción
33%
LagosAbuja
0%
KumasiAccra
0%
AwassaAddis Ababa
0%
CostantineAlgiers
0%
As-SaltAmman
0%
RotterdamAmsterdam
0%
CanilloAndorra la Vella
0%
IzmirAnkara
0%
ToamasinaAntananarivo
0%
MulifanuaApia
0%
DashoguzAshgabat
0%
ThessalonikiAthens
0%
GanjaBaku
0%
MaliBamako
0%
Kuala BelaitBandar Seri Begawan
0%
PhuketBangkok
0%
BimboBangui
0%
SerrekundaBanjul
0%
Sandy Point TownBasseterre
0%
HangzhouBeijing
0%
Choueifat El AamroussiehBeirut
0%
Novi SadBelgrade
0%
Belize CityBelmopan
0%
OshBishkek
0%
BafatáBissau
0%
MedellinBogotá
0%
CuritibaBrasília
0%
KošiceBratislava
0%
Pointe-NoireBrazzaville
0%
OistinsBridgetown
0%
TimișoaraBucharest
0%
DebrecenBudapest
0%
MendozaBuenos Aires
0%
MaracaiboCaracas
0%
BiseeCastries
0%
TiraspolChisinau
0%
KankanConakry
0%
AarhusCopenhagen
0%
ToubaDakar
0%
AleppoDamascus
0%
ChattogramDhaka
0%
SuaiDili
0%
TadjouraDjibouti
0%
CorkDublin
0%
KhujandDushanbe
0%
KenemaFreetown
0%
AngafouluaFunafuti
0%
FrancistownGaborone
0%
LindenGeorgetown
0%
BujumburaGitega
0%
QuetzaltenangoGuatemala City
0%
Ho Chi MinhHanoi
0%
BulawayoHarare
0%
Santiago de CubaHavana
0%
EspooHelsinki
0%
MalangoHoniara
0%
BandungJakarta
0%
Tel Aviv-YafoJerusalem
0%
YambioJuba
0%
JalalabadKabul
0%
EntebbeKampala
0%
PokharaKathmandu
0%
OmdurmanKhartoum
0%
OdessaKiev
0%
ButareKigali
0%
Montego BayKingston
0%
Port ElizabethKingstown
0%
GomaKinshasa
0%
KuchingKuala Lumpur
0%
Al JahraKuwait City
0%
Port-GentilLibreville
0%
BlantyreLilongwe
0%
ArequipaLima
0%
MariborLjubljana
0%
SokodeLomé
0%
EdinburghLondon
0%
KuitoLuanda
0%
LivingstoneLusaka
0%
DifferdangeLuxembourg
0%
ValenciaMadrid
0%
ArnoMajuro
0%
AconibeMalabo / Ciudad de la Paz
0%
FuvahmulahMalé
0%
LeónManagua
0%
RiffaManama
0%
BeiraMaputo
0%
LeribeMaseru
0%
ManziniMbabane / Lobamba
0%
GuadalajaraMexico City
0%
MogilevMinsk
0%
HargeisaMogadishu
0%
BuchananMonrovia
0%
Colonia del SacramentoMontevideo
0%
MutsamuduMoroni
0%
VolgogradMoscow
0%
SeebMuscat
0%
MombasaNairobi
0%
FreeportNassau
0%
YangonNaypyidaw
0%
MoundouN'Djamena
0%
KororNgerulmud
0%
MaradiNiamey
0%
LimassolNicosia
0%
NouadhibouNouakchott
0%
NeiafuNukuʻalofa
0%
AlmatyNur-Sultan
0%
BergenOslo
0%
TorontoOttawa
0%
Bobo-DioulassoOuagadougou
0%
KoloniaPalikir
0%
TocumenPanama City
0%
Nieuw NickerieParamaribo
0%
MarseilleParis
0%
Krong BattambangPhnom Penh
0%
KotorPodgorica
0%
Delmas 73Port-au-Prince
0%
CurepipePort Louis
0%
LaePort Moresby
0%
Chaguanas Borough CorporationPort of Spain
0%
CotonouPorto-Novo
0%
LuganvillePort Vila
0%
BrnoPrague
0%
MindeloPraia
0%
PrizrenPristina
0%
ChongjinPyongyang
0%
GuayaquilQuito
0%
CasablancaRabat
0%
AkureyriReykjavik
0%
DaugavpilsRiga
0%
JeddahRiyadh
0%
VeniceRome
0%
MarigotRoseau
0%
GouyaveSaint George's
0%
All SaintsSaint John's
0%
AdenSana'a
0%
AlajuelaSan José
0%
SerravalleSan Marino
0%
San MiguelSan Salvador
0%
ConcepciónSantiago
0%
Puerto PlataSanto Domingo
0%
Santo AntonioSão Tomé
0%
MostarSarajevo
0%
BusanSeoul
0%
BitolaSkopje
0%
PlovdivSofia
0%
KandySri Jayawardenepura Kotte / Colombo
0%
GothenburgStockholm
0%
Santa Cruz de la SierraSucre / La Paz
0%
LautokaSuva
0%
KerenTallinn
0%
Betio VillageTarawa
0%
SamarkandTashkent
0%
BatumiTbilisi
0%
San Pedro SulaTegucigalpa
0%
MashhadTehran
0%
PhuentsholingThimphu
0%
DurrësTirana
0%
NagoyaTokyo
0%
BenghaziTripoli
0%
CarthageTunis
0%
ErdenetUlaanbaatar
0%
TriesenbergVaduz
0%
Saint Paul's BayValletta
0%
Beau VallonVictoria
0%
InnsbruckVienna
0%
KaunasVilnius
0%
KrakówWarsaw
0%
AucklandWellington
0%
Walvis BayWindhoek
0%
AbidjanYamoussoukro
0%
DoualaYaounde
0%
ArijejenYaren
0%
VanadzorYerevan
0%

Score Distribution

Percentile by Number Answered

Percent of People with Each Score

Your Score History

You have not taken this quiz